Scholarly book reviewing in the social sciences and humanities (Record no. 21155)
[ view plain ]
| 000 -LEADER | |
|---|---|
| fixed length control field | 01606nam a2200373 a 4500 |
| 082 04 - DEWEY DECIMAL CLASSIFICATION NUMBER | |
| Classification number | 028.1 |
| 100 1# - MAIN ENTRY--AUTHOR NAME | |
| Personal name | Lindholm-Romantschuk, Ylva. |
| 245 10 - TITLE STATEMENT | |
| Title | Scholarly book reviewing in the social sciences and humanities |
| 260 ## - PUBLICATION, DISTRIBUTION, ETC. (IMPRINT) | |
| Place of publication | Westport, Conn. : |
| Name of publisher | Greenwood Press, |
| Year of publication | 1998. |
| 300 ## - PHYSICAL DESCRIPTION | |
| Number of Pages | ix, 152 p. : |
| Other physical details | ill. |
| 490 1# - SERIES STATEMENT | |
| Series statement | Contributions in librarianship and information science, |
| 650 #0 - SUBJECT ADDED ENTRY--TOPICAL TERM | |
| Topical Term | Communication in the social sciences. |
| Topical Term | Communication in the humanities. |
| Topical Term | Social sciences |
| Topical Term | Humanities |
| Topical Term | Scholarly publishing. |
| Topical Term | Book reviewing. |
| 856 40 - ELECTRONIC LOCATION AND ACCESS | |
| Uniform Resource Identifier | http://site.ebrary.com/lib/rucke/Doc?id=5007088 |
No items available.
